Automatizované spracovanie a vyhodnotenie brzdného účinku

Enregistré dans:
Détails bibliographiques
Auteur principal: Cicanič, Jakub (Auteur)
Autres auteurs: Ťapák, Peter (Directeur de thèse)
Format: Manuscrit Livre
Langue:slovaque
Publié: Bratislava : STU v Bratislave FEI, 2020
Sujets:
Accès en ligne:https://opac.crzp.sk/?fn=ResultFormChild0000FA9A&seo=CRZP-Zoznam-z%C3%A1znamov
Tags: Ajouter un tag
Pas de tags, Soyez le premier à ajouter un tag!

MARC

LEADER 00000ntm a22000003a 4500
001 stuzp72113
003 SK-STU
005 20200722093746.9
007 ta
008 150427s2015----xo-----f-mn---000-0-slo-d
040 |a STU  |b slo 
041 0 |a slo 
044 |a xo 
100 1 |a Cicanič, Jakub  |u 035000  |4 aut  |U FEI Fakulta elektrotechniky a informatiky  |T FEI Ústav informatiky a matematiky  |X 72029  |U E050  |Y 816  |7 72029 
242 0 1 |a Automatic processing and evalutation of car braking measurement  |y eng 
245 1 0 |a Automatizované spracovanie a vyhodnotenie brzdného účinku 
260 |c Bratislava :  |c STU v Bratislave FEI,  |c 2020 
300 |a 53 s. 
650 4 |a Windows  |2 slo 
650 4 |a Microsoft Visual Studio  |2 slo 
650 4 |a Windows Forms  |2 slo 
650 4 |a C#  |2 slo 
650 4 |a Windows OS  |2 eng 
650 4 |a Microsoft Visual Studio  |2 eng 
650 4 |a Windows Forms  |2 eng 
650 4 |a C#  |2 eng 
700 1 |a Ťapák, Peter  |u 030400  |k Z1  |4 ths  |U FEI Fakulta elektrotechniky a informatiky  |T FEI Ústav automobilovej mechatroniky  |X 3715  |U E400  |Y 642  |7 A000003715 
856 4 |u https://opac.crzp.sk/?fn=ResultFormChild0000FA9A&seo=CRZP-Zoznam-z%C3%A1znamov